<?xml version="1.0" encoding="UTF-8"?>
<collection xmlns="http://www.loc.gov/MARC21/slim">
 <record>
  <leader>02097cam a2200457   4500</leader>
  <controlfield tag="001">111018297X</controlfield>
  <controlfield tag="003">DE-627</controlfield>
  <controlfield tag="005">20220610132812.0</controlfield>
  <controlfield tag="007">tu</controlfield>
  <controlfield tag="008">940721s1985    xx |||||      00| ||ger c</controlfield>
  <datafield tag="035" ind1=" " ind2=" ">
   <subfield code="a">(DE-627)111018297X</subfield>
  </datafield>
  <datafield tag="035" ind1=" " ind2=" ">
   <subfield code="a">(DE-576)040182975</subfield>
  </datafield>
  <datafield tag="035" ind1=" " ind2=" ">
   <subfield code="a">(DE-599)BSZ040182975</subfield>
  </datafield>
  <datafield tag="035" ind1=" " ind2=" ">
   <subfield code="a">(OCoLC)13482252</subfield>
  </datafield>
  <datafield tag="035" ind1=" " ind2=" ">
   <subfield code="a">(OCoLC)1078713085</subfield>
  </datafield>
  <datafield tag="040" ind1=" " ind2=" ">
   <subfield code="a">DE-627</subfield>
   <subfield code="b">ger</subfield>
   <subfield code="c">DE-627</subfield>
   <subfield code="e">rakwb</subfield>
  </datafield>
  <datafield tag="041" ind1=" " ind2=" ">
   <subfield code="a">ger</subfield>
  </datafield>
  <datafield tag="082" ind1="0" ind2=" ">
   <subfield code="a">770/.92/4</subfield>
  </datafield>
  <datafield tag="084" ind1=" " ind2=" ">
   <subfield code="a">ZH 3780</subfield>
   <subfield code="2">rvk</subfield>
   <subfield code="0">(DE-625)rvk/156124:</subfield>
  </datafield>
  <datafield tag="084" ind1=" " ind2=" ">
   <subfield code="a">AP 95900</subfield>
   <subfield code="2">rvk</subfield>
   <subfield code="0">(DE-625)rvk/8183:</subfield>
  </datafield>
  <datafield tag="245" ind1="1" ind2="0">
   <subfield code="a">Albrecht Meydenbauer</subfield>
   <subfield code="b">Baukunst in historischen Fotografien</subfield>
   <subfield code="c">hrsg. von Rudolf Meyer</subfield>
  </datafield>
  <datafield tag="264" ind1=" " ind2="1">
   <subfield code="a">Leipzig</subfield>
   <subfield code="b">Fotokinoverl.</subfield>
   <subfield code="c">1985</subfield>
  </datafield>
  <datafield tag="300" ind1=" " ind2=" ">
   <subfield code="a">259 S.</subfield>
   <subfield code="b">Ill.</subfield>
  </datafield>
  <datafield tag="336" ind1=" " ind2=" ">
   <subfield code="a">Text</subfield>
   <subfield code="b">txt</subfield>
   <subfield code="2">rdacontent</subfield>
  </datafield>
  <datafield tag="337" ind1=" " ind2=" ">
   <subfield code="a">ohne Hilfsmittel zu benutzen</subfield>
   <subfield code="b">n</subfield>
   <subfield code="2">rdamedia</subfield>
  </datafield>
  <datafield tag="338" ind1=" " ind2=" ">
   <subfield code="a">Band</subfield>
   <subfield code="b">nc</subfield>
   <subfield code="2">rdacarrier</subfield>
  </datafield>
  <datafield tag="689" ind1="0" ind2="0">
   <subfield code="d">p</subfield>
   <subfield code="0">(DE-588)118581724</subfield>
   <subfield code="0">(DE-627)134422597</subfield>
   <subfield code="0">(DE-576)209033150</subfield>
   <subfield code="a">Meydenbauer, Albrecht</subfield>
   <subfield code="d">1834-1921</subfield>
   <subfield code="2">gnd</subfield>
  </datafield>
  <datafield tag="689" ind1="0" ind2=" ">
   <subfield code="5">(DE-627)</subfield>
  </datafield>
  <datafield tag="689" ind1="1" ind2="0">
   <subfield code="d">s</subfield>
   <subfield code="0">(DE-588)4045892-1</subfield>
   <subfield code="0">(DE-627)106200011</subfield>
   <subfield code="0">(DE-576)209067136</subfield>
   <subfield code="a">Fotogrammetrie</subfield>
   <subfield code="2">gnd</subfield>
  </datafield>
  <datafield tag="689" ind1="1" ind2="1">
   <subfield code="d">s</subfield>
   <subfield code="0">(DE-588)4247728-1</subfield>
   <subfield code="0">(DE-627)104787775</subfield>
   <subfield code="0">(DE-576)210490268</subfield>
   <subfield code="a">Messbild</subfield>
   <subfield code="2">gnd</subfield>
  </datafield>
  <datafield tag="689" ind1="1" ind2=" ">
   <subfield code="5">(DE-627)</subfield>
  </datafield>
  <datafield tag="700" ind1="1" ind2=" ">
   <subfield code="a">Meyer, Rudolf</subfield>
   <subfield code="e">Hrsg.</subfield>
   <subfield code="0">(DE-627)1232224766</subfield>
   <subfield code="0">(DE-576)162224761</subfield>
   <subfield code="4">edt</subfield>
  </datafield>
  <datafield tag="787" ind1="0" ind2="8">
   <subfield code="i">Rezension</subfield>
   <subfield code="a">Eckstein, Günter</subfield>
   <subfield code="t">Rudolf Meyer (Hrsg.), Albrecht Meydenbauer, Baukunst in historischen Fotografien / Günter Weimann, Architektur-Photogrammetrie</subfield>
   <subfield code="d">1989</subfield>
   <subfield code="w">(DE-627)1475488211</subfield>
   <subfield code="w">(DE-576)405488211</subfield>
  </datafield>
  <datafield tag="936" ind1="r" ind2="v">
   <subfield code="a">ZH 3780</subfield>
   <subfield code="b">Architekturfotografie</subfield>
   <subfield code="k">Architektur</subfield>
   <subfield code="k">Architekturpraxis</subfield>
   <subfield code="k">Architekturfotografie</subfield>
   <subfield code="0">(DE-627)1270708120</subfield>
   <subfield code="0">(DE-625)rvk/156124:</subfield>
   <subfield code="0">(DE-576)200708120</subfield>
  </datafield>
  <datafield tag="936" ind1="r" ind2="v">
   <subfield code="a">AP 95900</subfield>
   <subfield code="b">Architektur</subfield>
   <subfield code="k">Medien- und Kommunikationswissenschaften, Kommunikationsdesign</subfield>
   <subfield code="k">Fotografie</subfield>
   <subfield code="k">Motive, Gattungen der künstlerischen Fotografie (auch Abbildungswerke)</subfield>
   <subfield code="k">Architektur</subfield>
   <subfield code="0">(DE-627)127063657X</subfield>
   <subfield code="0">(DE-625)rvk/8183:</subfield>
   <subfield code="0">(DE-576)20063657X</subfield>
  </datafield>
  <datafield tag="951" ind1=" " ind2=" ">
   <subfield code="a">BO</subfield>
  </datafield>
  <datafield tag="990" ind1=" " ind2=" ">
   <subfield code="a">Meydenbauer, Albrecht</subfield>
  </datafield>
  <datafield tag="990" ind1=" " ind2=" ">
   <subfield code="a">Fotogrammetrie</subfield>
  </datafield>
  <datafield tag="990" ind1=" " ind2=" ">
   <subfield code="a">Messbild</subfield>
  </datafield>
  <datafield tag="991" ind1=" " ind2=" ">
   <subfield code="a">Rezensiertes Werk</subfield>
  </datafield>
  <datafield tag="999" ind1=" " ind2=" ">
   <subfield code="a">KXP-PPN111018297X</subfield>
   <subfield code="e">4193667480</subfield>
  </datafield>
 </record>
</collection>
